000 00580nam a22002177a 4500
003 UA-OsUOA
001 63472
007 ta
008 20091006b un ||||| |||| 00| 0 ukr d
100 _aОнищук В.
090 _a330(477)
_bО-58
942 _cSA
040 _aUA-OsUOA
_bukr
_cUA-OsUOA
_dUA-OsUOA
245 _aПро розрахунок норми тривалості робочого часу на 2010 рік
300 _aС.11
955 _a0
041 _aukr
080 _a330(477)
773 0 _w63471
650 7 _a330 Економіка взагалі
_2UDC
999 _c349649
_d349649